000 00739nam a2200181Ia 4500
999 _c39819
_d39819
001 6424
003 GE_BSU
005 20191115122238.0
008 181216s2011||||ge |||||||||||||| ||geo||
040 _cGE_BSU
041 _ageo
080 _a347.9(479.22)(094.4) ს-32
245 _aსაქართველოს სამოქალაქო საპროცესო კოდექსი :
_b გამოცემულია 2011 წლის 20 მარტის მდგომარეობით.
264 _aთბილისი :
_bრაიზმი,
_c2011.
300 _a199 გვ.;
_b21 სმ.
653 _aსამოქალაქო საპროცესო კოდექსი
942 _cBK
_2udc